000 00544nam a2200181Ia 4500
008 151018s9999 xx 000 0 und d
082 _bRBASDV44615
_a340
100 _aअभया शेलकर
245 _aशासन अनुदान
250 _b1
260 _bनाशिक लॉ हाऊस
_c2008
300 _a262
600 _aअभया शेलकर
630 _aशासन अनुदान
700 _aअभया शेलकर
730 _aशासन अनुदान
942 _cBOOK
999 _c1043812
_d1043809